| 000 | 00697nam a22002057a 4500 | ||
|---|---|---|---|
| 999 |
_c175325 _d175325 |
||
| 005 | 20230605152057.0 | ||
| 010 | _aB-634833 ENG-128376 | ||
| 020 |
_c623.20 _a9789353946135 |
||
| 035 | _aEN-111908 | ||
| 035 | _aB-634833 | ||
| 037 | _bDBAD/PUB | ||
| 082 | _a658.827 | ||
| 100 | _aKeller,Kevin lane | ||
| 245 |
_aStrategic Brand Management/ _cby Keller,Kevin Lane |
||
| 260 |
_aNoida _bPearson _c2020 |
||
| 270 |
_a15th floor,Tower-B,Word Trade Tower,Plot no.1,Block-C sec 16, _bNoida _e201301 _k04466540100 _mcompanysecretary.india@pearson.com |
||
| 300 |
_a642p. _c25cm(pbk) |
||
| 500 | _aincludes index | ||
| 942 |
_2ddc _cEN _h658.827 _mKEL |
||